000 00948nam a2200301 a 4500
008
020 _a9781559349468 (paperback)
040 _aNUST
_cNUST
049 _aMAIN
090 _aHQ796
_bCOB
100 1 _aCobb, Nancy J.,
_aauthor.
245 1 0 _aAdolescence :
_bcontinuity, change, and diversity/
_c Nancy J Cobb.
250 _aThird edition.
260 _aMountain View, California :
_bMayfield,
_c1998.
300 _axxvi, 660 pages :
_bcolour illustrations ;
_c26 cm.
336 _atext
_btxt
_2rdacontent
337 _aunmediated
_bn
_2rdamedia
338 _avolume
_bnc
_2rdacarrier
500 _aIncludes index.
504 _aIncludes bibliographical references.
650 1 _aAdolescence.
650 _aAdolescent psychology.
650 _aTeenagers
_xUnited States.
907 _a.b10409488
_b20-09-21
_c20-09-21
003
005 20230123141221.0
942 _cBOOKS
_kHQ796
_mCOB
999 _c169699
_d169699